000 00647nam a2200193 4500
001 148091
003 ES-MaACL
005 20230906202427.0
007 t|
008 070214s1973 sp r ||||1| spa d
100 1 _aStilwell, Frank J. B.
_9108228
245 1 0 _aPolítica económica regional /
_cFrank J. B. Stilwell ; traducción de M. Valls Maqueda ; revisión de: J. Angelet Cladellas.
250 _a[1ª ed.].
260 _a[Barcelona] :
_bVicens Vives,
_c[1973] (
_fDiamante)
300 _a108 p. ;
_c21 cm.
700 1 _aValls Maqueda, M.
_9112946
700 1 _aAngelet Cladellas, Joan.
_9161492
852 _aES-MaACL
_jC-56300
_bR.89136
999 _c148091
_d148091